| 000 -LEADER |
| fixed length control field |
02201nam a2200253 a 4500 |
| 003 - CONTROL NUMBER IDENTIFIER |
| control field |
AR-BaISA |
| 005 - DATE AND TIME OF LATEST TRANSACTION |
| control field |
20250925125351.0 |
| 007 - PHYSICAL DESCRIPTION FIXED FIELD--GENERAL INFORMATION |
| fixed length control field |
ta |
| 008 - FIXED-LENGTH DATA ELEMENTS--GENERAL INFORMATION |
| fixed length control field |
250925s2001 sp ad||f |||| 000 0 spa d |
| 020 ## - INTERNATIONAL STANDARD BOOK NUMBER |
| International Standard Book Number |
8474291070 |
| 040 ## - CATALOGING SOURCE |
| Language of cataloging |
spa |
| Transcribing agency |
AR-BaISA |
| 082 04 - DEWEY DECIMAL CLASSIFICATION NUMBER |
| Edition number |
22 |
| Classification number |
618.97 M187 |
| 245 00 - TITLE STATEMENT |
| Title |
Geriatría desde el principio / |
| Statement of responsibility, etc. |
Editor: Juan F. Macías Núñez; Coeditores: Francisco Guillén Llera, José Manuel Ribera Casado |
| 260 ## - PUBLICATION, DISTRIBUTION, ETC. |
| Place of publication, distribution, etc. |
Barcelona: |
| Name of publisher, distributor, etc. |
Editorial Glosa, |
| Date of publication, distribution, etc. |
2001 |
| 300 ## - PHYSICAL DESCRIPTION |
| Extent |
415 p.: |
| Other physical details |
il., graf. |
| 504 ## - BIBLIOGRAPHY, ETC. NOTE |
| Bibliography, etc. note |
Bibliografía p.: [399]-415 |
| 505 ## - FORMATTED CONTENTS NOTE |
| Title |
ENVEJECIMIENTO: |
| -- |
Biología del envejecimiento -- |
| -- |
Sociología del envejecimiento -- |
| -- |
Psicología del envejecimiento -- |
| -- |
Abuso y maltrato en la vejez -- |
| -- |
Patología del envejecimiento -- |
| -- |
GERIATRÍA ESPECIALIDAD MÉDICA: |
| -- |
Geriatría: definiciones y conceptos -- |
| -- |
El anciano enfermo: metodología del estudio y correlaciones clínico-semiológicas -- |
| -- |
SÍNDROMES GERIÁTRICOS: |
| -- |
El paciente con síndrome de inmovilidad -- |
| -- |
El paciente con síndrome de incontinencia -- |
| -- |
El anciano con pérdida de equilibrio y caídas -- |
| -- |
El paciente con alteraciones psíquicas -- |
| -- |
El anciano con dolor crónico -- |
| -- |
El enfermo con úlceras por presión -- |
| -- |
El enfermo con disfunción del sistema nervioso autónomo -- |
| -- |
El anciano con insuficiencia cardíaca -- |
| -- |
El paciente con trastornos del equilibrio hidroelectrolítico y ácido base -- |
| -- |
El anciano con malnutrición -- |
| -- |
La alimentación en el anciano. Criterios razonados para conseguir una nutrición adecuada -- |
| -- |
GERIATRÍA CLÍNICA: |
| -- |
El anciano hipertenso -- |
| -- |
Utilización de fármacos en el anciano -- |
| -- |
El paciente con riesgo de enfermedad tromboembólica -- |
| -- |
Anestesia -- |
| -- |
Cirugía -- |
| -- |
Cuidados al final de la vida. Actitud ante la muerte -- |
| -- |
ASISTENCIA GERIÁTRICA: |
| -- |
Los servicios sociales. Cuidados en la comunidad y el domicilio. El anciano institucionalizado -- |
| -- |
Organización asistencial geriátrica |
| 650 14 - SUBJECT ADDED ENTRY--TOPICAL TERM |
| 9 (RLIN) |
539 |
| Topical term or geographic name entry element |
Geriatría |
| 650 14 - SUBJECT ADDED ENTRY--TOPICAL TERM |
| 9 (RLIN) |
253 |
| Topical term or geographic name entry element |
Adulto mayor |
| Form subdivision |
asistencia |
| 700 ## - ADDED ENTRY--PERSONAL NAME |
| 9 (RLIN) |
3812 |
| Personal name |
Macías Núñez, Juan F. |
| Relator term |
ed. |
| 700 ## - ADDED ENTRY--PERSONAL NAME |
| 9 (RLIN) |
3813 |
| Personal name |
Guillén Llera, Francisco |
| Relator term |
ed. |
| 700 ## - ADDED ENTRY--PERSONAL NAME |
| 9 (RLIN) |
3814 |
| Personal name |
Ribera Casado, José Manuel |
| Relator term |
ed. |
| 942 ## - ADDED ENTRY ELEMENTS (KOHA) |
| Source of classification or shelving scheme |
|
| Koha item type |
Libros |
| Edition |
22 |